| 000 -LEADER |
| fixed length control field |
00924nam a22001697a 4500 |
| 005 - DATE AND TIME OF LATEST TRANSACTION |
| control field |
20221227104826.0 |
| 008 - FIXED-LENGTH DATA ELEMENTS--GENERAL INFORMATION |
| fixed length control field |
221227s1984ru xxu||||| |||| 00| 0 rus d |
| 041 ## - LANGUAGE CODE |
| Language code of text/sound track or separate title |
rus |
| 080 ## - UNIVERSAL DECIMAL CLASSIFICATION NUMBER |
| Universal Decimal Classification number |
34 (031) Ю-70 |
| 245 ## - TITLE STATEMENT |
| Title |
Юридический энциклопедический словарь |
| Remainder of title |
[1000 статей] / |
| Statement of responsibility, etc. |
Гл. Ред. А. Я. Сухарев, |
| 264 ## - PRODUCTION, PUBLICATION, DISTRIBUTION, MANUFACTURE, AND COPYRIGHT NOTICE |
| Place of production, publication, distribution, manufacture |
Москва : |
| Name of producer, publisher, distributor, manufacturer |
Советская энциклопедия, |
| Date of production, publication, distribution, manufacture, or copyright notice |
1984 |
| 300 ## - PHYSICAL DESCRIPTION |
| Extent |
416 с. |
| Other physical details |
25 см. |
| 653 ## - INDEX TERM--UNCONTROLLED |
| keyword |
В Юридическом энциклопедическом словаре, включающем свыше 1000 статей, освещаются основные положения действующего советского права. |
| 653 ## - INDEX TERM--UNCONTROLLED |
| keyword |
იურიდიული ენციკლოპედია |
| 700 ## - ADDED ENTRY--PERSONAL NAME |
| Personal name |
Сухарев, А.Я. |
| Relator term |
მთავარი რედაქტორი |
| 9 (RLIN) |
16592 |
| 942 ## - ADDED ENTRY ELEMENTS (KOHA) |
| Source of classification or shelving scheme |
|
| Koha item type |
წიგნი |